| 000 | nam a22 7a 4500 | ||
|---|---|---|---|
| 999 |
_c20042 _d20042 |
||
| 008 | 170118b xxu||||| |||| 00| 0 eng d | ||
| 020 | _a9781256628408 | ||
| 050 | _aQC 24.5 .P49 2012 | ||
| 245 | _aUniversity physics with modern physics. | ||
| 260 |
_aBoston _bPearson _c2012 |
||
| 300 |
_a1521p.; _bill.; _c28cm. |
||
| 440 | _vVolume 2 | ||
| 500 | _aincludes bibliographical references and index | ||
| 942 |
_2lcc _cBOOKS _hQC 24.5 .P49 2012 _k29481 |
||